Classifica Serie A 2022-2023 - Statistics

Statistiche generali
  • Questo quiz è stato fatto 291 volte
  • Il punteggio medio è 18 su 20
Statistiche sulle risposte
Squadra Punti Vinte Pareggiate Perse Gol fatti Gol subiti % Corretto
Inter 72 23 3 12 71 42
100%
Napoli 90 28 6 4 77 258
100%
Milan 70 20 10 8 64 43
99%
Roma 63 18 9 11 50 38
99%
Juventus 62 22 6 10 56 33
98%
Lazio 74 22 8 8 60 30
98%
Fiorentina 56 15 11 12 53 43
95%
Atalanta 64 19 7 12 66 48
94%
Torino 53 14 11 13 42 41
91%
Bologna 54 14 12 12 53 49
89%
Sassuolo 45 12 9 17 47 61
88%
Sampdoria 19 3 10 25 24 71
87%
Udinese 46 11 13 14 47 48
87%
Lecce 36 8 12 18 33 46
82%
Salernitana 42 9 15 14 48 62
80%
Empoli 43 10 13 15 37 49
79%
Monza 52 14 10 14 48 52
79%
Hellas Verona 31 7 10 21 31 59
77%
Spezia 31 6 13 19 31 62
76%
Cremonese 27 5 12 21 36 69
72%
Nessun quiz corrispondente trovato
Distribuzione punteggi
Percentuale di utenti per punteggio
Percentile per numero di risposta
I tuoi punteggi nel tempo
Non hai fatto questo quiz